| 000 | 00712nam a2200241Ia 4500 | ||
|---|---|---|---|
| 003 | OSt | ||
| 005 | 20220923214621.0 | ||
| 006 | a|||||r|||| 00| 0 | ||
| 007 | ta | ||
| 008 | 220922b |||||||| |||| 00| 0 hin d | ||
| 024 | _a171,288 | ||
| 037 | _cTextual | ||
| 040 |
_aARTS _cARTS _bhin |
||
| 041 |
_2hin _ahin |
||
| 082 | _aO152,3N175,KK, K0 | ||
| 100 |
_aमाचवे, प्रभाकर _9156279 |
||
| 245 | 0 | _aखरगोश के सींग | |
| 246 | _aKharagosh ke sīanga | ||
| 260 | _c1960 | ||
| 650 |
_aहिन्दी साहित्य _9156264 |
||
| 942 |
_hO152,3N175,KK, K0 _cTEXL _2CC |
||
| 999 |
_c325513 _d325513 |
||